Xây dựng tập thể sư phạm trường THPT trên địa bàn huyện Chư Sê, tỉnh Gia Lai theo hướng tổ chức biết học hỏi
Cơ sở lý luận của việc xây dựng tập thể sư phạm trường THPT theo hướng tổ chức biết học hỏi. Thực trạng công tác xây dựng tập thể sư phạm các trường THPT trên địa bàn huyện Chư Sê, tỉnh Gia Lai theo quan điểm về tổ chức biết học hỏi. Biện pháp xây dựng tập thể sư phạm trường THPT trên địa bàn huyện...
Bewaard in:
| Hoofdauteur: | |
|---|---|
| Andere auteurs: | |
| Formaat: | Boek |
| Taal: | Vietnamese |
| Gepubliceerd in: |
Đà Nẵng
Đại học Đà Nẵng
2015
|
| Onderwerpen: | |
| Tags: |
Voeg label toe
Geen labels, Wees de eerste die dit record labelt!
|
| Thư viện lưu trữ: | Mạng thư viện Đại học Đà Nẵng |
|---|
| LEADER | 01942nam a2200349 4500 | ||
|---|---|---|---|
| 001 | 000023413 | ||
| 003 | 19864 | ||
| 005 | 20151207111218.0 | ||
| 008 | 151201s2015 viesd | ||
| 041 | |a vie | ||
| 082 | 1 | 4 | |a 373.114 |b BU-V |
| 100 | 1 | |a Bùi Quang Vinh | |
| 245 | 1 | |a Xây dựng tập thể sư phạm trường THPT trên địa bàn huyện Chư Sê, tỉnh Gia Lai theo hướng tổ chức biết học hỏi |c Bùi Quang Vinh ; Lê Đình Sơn hướng dẫn. |k Luận văn Thạc sĩ | |
| 260 | |a Đà Nẵng |b Đại học Đà Nẵng |c 2015 | ||
| 300 | |a 108 tr., phụ lục 19 tr. |c 29 cm. |e Tóm tắt | ||
| 500 | |a Luận văn thạc sĩ Quản lý giáo dục. Chuyên ngành: Quản lý giáo dục. Mã số: 60.14.01.14 | ||
| 520 | 3 | |a Cơ sở lý luận của việc xây dựng tập thể sư phạm trường THPT theo hướng tổ chức biết học hỏi. Thực trạng công tác xây dựng tập thể sư phạm các trường THPT trên địa bàn huyện Chư Sê, tỉnh Gia Lai theo quan điểm về tổ chức biết học hỏi. Biện pháp xây dựng tập thể sư phạm trường THPT trên địa bàn huyện Chư Sê, tỉnh Gia Lai theo hướng TCBHH | |
| 650 | 0 | 4 | |a Giáo dục trung học |v Luận văn tốt nghiệp |x Quản lý |z Gia Lai |
| 653 | |a Tập thể sư phạm | ||
| 653 | |a Giáo dục trung học | ||
| 653 | |a Quản lý giáo dục | ||
| 700 | 1 | |a Lê Đình Sơn |c TS. |e Hướng dẫn | |
| OWN | |a LSP | ||
| AVA | |a UDN50 |b LSP |d 373.114 BU-V |e available |t Error 5001 Not defined in file expand_doc_bib_avail. |f 1 |g 0 |h N |i 0 |k 1 | ||
| 999 | |a From the UDN01 | ||
| AVA | |a UDN50 |b LSP |d 373.114 BU-V |e available |t Error 5001 Not defined in file expand_doc_bib_avail. |f 1 |g 0 |h N |i 0 |k 1 | ||
| TYP | |a Monograph | ||
| TYP | |a Printed language | ||
| 980 | |a Mạng thư viện Đại học Đà Nẵng | ||